| 000 | 00577nam a22002297a 4500 | ||
|---|---|---|---|
| 003 | UA-OsUOA | ||
| 001 | 40292 | ||
| 007 | ta | ||
| 008 | 20080608b un ||||| |||| 00| 0 ukr d | ||
| 100 | _aМикитась В.Л. | ||
| 090 |
_a82-09 _bМ59 |
||
| 942 | _cBK | ||
| 040 |
_aUA-OsUOA _bukr _cUA-OsUOA _dUA-OsUOA |
||
| 245 | _aВсупереч правді. | ||
| 300 | _a317 с. | ||
| 955 | _a1 | ||
| 041 | _aukr | ||
| 080 | _a82-09 | ||
| 260 |
_aКиїв _bДніпро _c1976 |
||
| 650 | 7 |
_a82 Література. Літературознавство _2UDC |
|
| 999 |
_c438816 _d438816 |
||